| 000 | 00382nam a2200121Ia 4500 | ||
|---|---|---|---|
| 008 | 220217s9999||||xx |||||||||||||| ||und|| | ||
| 082 | _a004.165 CHH | ||
| 100 |
_aChhabra, Bhupendra Singh _91224 |
||
| 245 | 0 | _aIntel 8086/8088 microprocessors: Architecture, programming, | |
| 260 |
_aDhanpat rai publishing company _bNew Delhi _c1998 |
||
| 300 | _b140 | ||
| 650 | _aMICROPROCESSOR | ||
| 999 |
_c166038 _d166038 |
||